Catálogo

EL CONSERVADURISMO MEXICANO EN EL SIGLO XIX (Registro nro. 47353)

Detalles MARC
000 -LEADER
fixed length control field 01082nam a2200181 a 4500
001 - CONTROL NUMBER
control field 47353
005 - DATE AND TIME OF LATEST TRANSACTION
control field 20180714031253.0
008 - FIXED-LENGTH DATA ELEMENTS--GENERAL INFORMATION
fixed length control field 140415s1999 mx 000 0 spa d
020 ## - INTERNATIONAL STANDARD BOOK NUMBER
International Standard Book Number 9688633097
041 ## - LANGUAGE CODE
Language code of text/sound track or separate title spa
082 ## - DEWEY DECIMAL CLASSIFICATION NUMBER
Classification number 972.04
Item number MOR
245 03 - TITLE STATEMENT
Title EL CONSERVADURISMO MEXICANO EN EL SIGLO XIX
250 ## - EDITION STATEMENT
Edition statement 1a ed.
260 ## - PUBLICATION, DISTRIBUTION, ETC.
Place of publication, distribution, etc. MEXICO :
Name of publisher, distributor, etc. BENEMERITA UNIVERSIDAD AUTONOMA DE PUEBLA,
Date of publication, distribution, etc. 1999
300 ## - PHYSICAL DESCRIPTION
Extent 216
Dimensions 16.7 x 1.7 x 21.7
520 ## - SUMMARY, ETC.
Summary, etc. EL CONSERVADURISMO MEXICANO DEL SIGLO DIECINUEVE CONTINUA SIENDO, CURIOSAMENTE UNO DE LOS GRANDES TABUES O AGUJEROS NEGROS DE LA HISTORIA MEXICANA. POCOS HAN SIDO LOS ESTUDIOS SERIOS QUE SE HAN REALIZADO SOBRE EL MOVIMIENTO CONSERVADOR Y EL PENSAMIENTO TRADICIONALISTA MEXICANO DEL SIGLO PASADO, Y LOS POCOS TRABAJOS QUE EXISTEN, HAN TENDIDO A CATALOGAR DICHA VERTIENTE POLITICA DENTRO DE UNA FILOSOFIA REACCINARIA Y ANTIBILATERAL, CUYAS TESIS PRINCIPALES HAN SIDO CONDENADAS DESDE EL PRIN
650 14 - SUBJECT ADDED ENTRY--TOPICAL TERM
Topical term or geographic name entry element IDEOLOGIA
General subdivision MEXICO
-- HISTORIA
-- SIGLO XIX
-- POLITICA
-- MEXICO
-- HISTORIA
-- SIGLO XIX
-- CONSERVADURISMO
-- MXICO
-- HISTORIA
Existencias
Withdrawn status Lost status Source of classification or shelving scheme Damaged status Not for loan Collection code Home library Current library Shelving location Date acquired Source of acquisition Inventory number Total Checkouts Full call number Barcode Date last seen Date last checked out Price effective from Koha item type
    Dewey Decimal Classification     General Biblioteca Karol Wojtyla Biblioteca Karol Wojtyla Sala general 03/12/2013 Compra 151000000000000000037725   972.04 MOR 70915 05/01/2026 22/05/2018 03/12/2013 Libro